000 00816nam a2200205 a 4500
008 120416s1978 ||||||||||||||||| || u
020 _a0521292972
050 _aQK 731 Iso
100 _aHillman, John R
245 1 0 _aIsolation of plant growth substances
_cedited by J. R. Hillman
260 _aCambridge
_bCambridge University Press
_c1978
300 _aix, 157p. : ill.
350 _a0.00
490 _aSeminar series - Society for Experimental Biology
490 _v 4 ;Seminar series (Society for Experimental Biology (Great Britain)) ; 4.
500 _aIncludes bibliographies and index.
650 _aPLANTS
650 _aPlant hormones--Analysis
995 _D0.00
_FCBU-MAIN LIBRARY (Kitwe)
_H1
_I16.00
_UAVAILABLE
_ZAnnex Low-Usage Collection
999 _c48386
_d48386